000 00425nam a22001697a 4500
003 NUST - PNEC
005 20170116180855.0
008 150828b xxu||||| |||| 00| 0 eng d
020 _a8121929644
040 _cLIBRARY
082 _a604.2 SHA
100 _95960
_aShah P J
245 _aA textbook of engineering drawing
_cP J Shah
260 _cc.2008
650 _95961
_aMechanical drawing
_xIME, ME
942 _2ddc
_cBK
999 _c64785
_d64785